Cukrovar, Trnava

Salvato in:
Dettagli Bibliografici
Autore principale: Števaňáková, Soňa (Autore)
Altri autori: Schleicher, Alexander (Relatore della tesi)
Natura: Manoscritto Libro
Lingua:slovacco
Pubblicazione: 2025
Soggetti:
Accesso online:http://is.stuba.sk/zp/portal_zp.pl?podrobnosti=185545
Tags: Aggiungi Tag
Nessun Tag, puoi essere il primo ad aggiungerne!!

MARC

LEADER 00000ntm a22000003a 4500
001 stuzp104835
003 SK-STU
005 20250607210907.2
007 ta
008 150427s2015----xo-----f-mn---000-0-slo-d
040 |a STU  |b slo 
041 0 |a slo 
100 1 |a Števaňáková, Soňa  |u 058180  |4 aut  |U FAD Fakulta architektúry a dizajnu  |T FAD Ústav architektúry občianskych budov  |X 103776  |U A8180  |Y 399  |7 103776 
242 0 1 |a Sugar Factory, Trnava  |y eng 
245 1 0 |a Cukrovar, Trnava 
260 |c 2025 
650 4 |a industrial architecture  |2 eng 
650 4 |a sugar refinery – Trnava  |2 eng 
650 4 |a transport bridges  |2 eng 
650 4 |a urban integration  |2 eng 
650 4 |a conversion  |2 eng 
650 4 |a industriálna architektúra  |2 slo 
650 4 |a urbanistická integrácia  |2 slo 
650 4 |a konverzia  |2 slo 
650 4 |a dopravníky  |2 slo 
650 4 |a Cukrovar – Trnava  |2 slo 
700 1 |a Schleicher, Alexander  |u 058180  |k Z1  |4 ths  |U FAD Fakulta architektúry a dizajnu  |T FAD Ústav architektúry občianskych budov  |X 472  |U A8180  |Y 399  |7 A000000472 
856 4 |u http://is.stuba.sk/zp/portal_zp.pl?podrobnosti=185545